<?xml version="1.0" encoding="UTF-8"?>
<record
    xmlns:xsi="http://www.w3.org/2001/XMLSchema-instance"
    xsi:schemaLocation="http://www.loc.gov/MARC21/slim http://www.loc.gov/standards/marcxml/schema/MARC21slim.xsd"
    xmlns="http://www.loc.gov/MARC21/slim">

  <leader>02055cam a2200349 a 4500</leader>
  <controlfield tag="001">14168798</controlfield>
  <controlfield tag="005">20170105102913.0</controlfield>
  <controlfield tag="008">041215s2004    ts       b    100 0 eng d</controlfield>
  <datafield tag="010" ind1=" " ind2=" ">
    <subfield code="a">  2005476832</subfield>
  </datafield>
  <datafield tag="020" ind1=" " ind2=" ">
    <subfield code="a">9948006593 (HBK)</subfield>
  </datafield>
  <datafield tag="020" ind1=" " ind2=" ">
    <subfield code="a">9948006585 (pbk.)</subfield>
  </datafield>
  <datafield tag="035" ind1=" " ind2=" ">
    <subfield code="a">(OCoLC)ocm57230960</subfield>
  </datafield>
  <datafield tag="040" ind1=" " ind2=" ">
    <subfield code="a">ECSSR</subfield>
    <subfield code="c">ECSSR</subfield>
    <subfield code="d">OCLCQ</subfield>
    <subfield code="d">IXA</subfield>
    <subfield code="d">WAU</subfield>
    <subfield code="d">CSB</subfield>
    <subfield code="d">DLC</subfield>
  </datafield>
  <datafield tag="042" ind1=" " ind2=" ">
    <subfield code="a">lccopycat</subfield>
  </datafield>
  <datafield tag="043" ind1=" " ind2=" ">
    <subfield code="a">ap-----</subfield>
  </datafield>
  <datafield tag="050" ind1="0" ind2="0">
    <subfield code="a">DS247.A138</subfield>
    <subfield code="b">I58 2004</subfield>
  </datafield>
  <datafield tag="245" ind1="0" ind2="0">
    <subfield code="a">International interests in the Gulf Region /</subfield>
    <subfield code="c">Emirates Center for Strategic Studies and Research.</subfield>
  </datafield>
  <datafield tag="260" ind1=" " ind2=" ">
    <subfield code="a">Abu Dhabi :</subfield>
    <subfield code="b">Emirates Center for Strategic Studies and Research,</subfield>
    <subfield code="c">2004.</subfield>
  </datafield>
  <datafield tag="300" ind1=" " ind2=" ">
    <subfield code="a">xv, 204 p. ;</subfield>
    <subfield code="c">24 cm.</subfield>
  </datafield>
  <datafield tag="500" ind1=" " ind2=" ">
    <subfield code="a">Papers presented to the symposium entitled "International Interests in the Gulf Region," March 15-16 2004, Abu Dhabi, UAE, organized by the Emirates Center for Strategic Studies and Research.</subfield>
  </datafield>
  <datafield tag="504" ind1=" " ind2=" ">
    <subfield code="a">Includes bibliographical references.</subfield>
  </datafield>
  <datafield tag="505" ind1="2" ind2="0">
    <subfield code="t">Introduction: major powers and their interests in the Gulf --</subfield>
    <subfield code="t">The gulf in the context of Russian foreign policy /</subfield>
    <subfield code="r">Nikolai Zlobin --</subfield>
    <subfield code="t">French policy in the Gulf: opportunities, challenges and implications /</subfield>
    <subfield code="r">Pascal Boniface --</subfield>
    <subfield code="t">Germany and the Gulf: on the way to a policy? /</subfield>
    <subfield code="r">Volker Perthes --</subfield>
    <subfield code="t">US policy priorities in the Gulf: challenges and choices /</subfield>
    <subfield code="r">Martin Indyk --</subfield>
    <subfield code="t">Britain's strategic approach to the Gulf /</subfield>
    <subfield code="r">Rosemary Hollis.</subfield>
  </datafield>
  <datafield tag="651" ind1=" " ind2="0">
    <subfield code="a">Persian Gulf Region</subfield>
    <subfield code="x">Foreign relations</subfield>
    <subfield code="v">Congresses.</subfield>
  </datafield>
  <datafield tag="651" ind1=" " ind2="0">
    <subfield code="a">Persian Gulf Region</subfield>
    <subfield code="x">Strategic aspects</subfield>
    <subfield code="v">Congresses.</subfield>
  </datafield>
  <datafield tag="710" ind1="2" ind2=" ">
    <subfield code="a">Markaz al-Im&#x101;r&#x101;t lil-Dir&#x101;s&#x101;t wa-al-Bu&#x1E25;&#x16B;th al-Istir&#x101;t&#x12B;j&#x12B;yah.</subfield>
  </datafield>
  <datafield tag="856" ind1="4" ind2="1">
    <subfield code="3">Table of contents</subfield>
    <subfield code="u">http://www.loc.gov/catdir/toc/fy0602/2005476832.html</subfield>
  </datafield>
  <datafield tag="856" ind1="4" ind2="2">
    <subfield code="3">Contributor biographical information</subfield>
    <subfield code="u">http://www.loc.gov/catdir/enhancements/fy0809/2005476832-b.html</subfield>
  </datafield>
  <datafield tag="856" ind1="4" ind2="2">
    <subfield code="3">Publisher description</subfield>
    <subfield code="u">http://www.loc.gov/catdir/enhancements/fy0809/2005476832-d.html</subfield>
  </datafield>
  <datafield tag="906" ind1=" " ind2=" ">
    <subfield code="a">7</subfield>
    <subfield code="b">cbc</subfield>
    <subfield code="c">copycat</subfield>
    <subfield code="d">3</subfield>
    <subfield code="e">ncip</subfield>
    <subfield code="f">20</subfield>
    <subfield code="g">y-gencatlg</subfield>
  </datafield>
  <datafield tag="942" ind1=" " ind2=" ">
    <subfield code="2">ddc</subfield>
    <subfield code="c">BK</subfield>
  </datafield>
  <datafield tag="999" ind1=" " ind2=" ">
    <subfield code="c">15209</subfield>
    <subfield code="d">15209</subfield>
  </datafield>
  <datafield tag="952" ind1=" " ind2=" ">
    <subfield code="0">0</subfield>
    <subfield code="1">0</subfield>
    <subfield code="4">0</subfield>
    <subfield code="7">0</subfield>
    <subfield code="8">NFIC</subfield>
    <subfield code="a">CIPS</subfield>
    <subfield code="b">CIPS</subfield>
    <subfield code="c">GEN</subfield>
    <subfield code="d">2013-09-30</subfield>
    <subfield code="l">0</subfield>
    <subfield code="o">327.09536 INT 2004</subfield>
    <subfield code="p">CIPS0001325</subfield>
    <subfield code="r">2013-11-20</subfield>
    <subfield code="w">2013-11-20</subfield>
    <subfield code="y">BK</subfield>
  </datafield>
</record>
